000 00803nam a2200265Ia 4500
005 20260429112317.0
008 260429s9999||||xx |||||||||||||| ||und||
020 _a9788119808342
041 _aEnglish
082 _a720.954
_bFER
100 _aFergusson, James
245 0 _aHistory of Indian and eastern architecture :
_bIndian architecture and eastern architecture, Vol. 2 /
_cJames Fergusson
250 _a1st ed.
260 _aNew Delhi :
_bB.R. Publishing Corporation,
_c2024.
300 _axvi, 521 p.; hb
440 _vVol. 2
650 _a Architectural history
650 _a Cultural heritage
650 _a Eastern architecture
650 _a Temple architecture
650 _aArchitecture-India
700 _a Burgess, James
700 _a Spiers, R. Phene
942 _cTB
999 _c53428
_d53428